EG-Rechtshandbuch für die Wirtschaft

Na minha lista:
Detalhes bibliográficos
Outros Autores: Schwappach, Jürgen
Formato: Livro
Idioma:alemão
Publicado em: München Beck 1991
Edição:1. Aufl.
Assuntos:
Tags: Adicionar Tag
Sem tags, seja o primeiro a adicionar uma tag!

MARC

LEADER 00000nam a2200000 4500
001 c003179
005 20221214102037.9
020 |a 3-406-34727-4 
041 0 |a ger 
044 |a DE 
245 1 0 |a EG-Rechtshandbuch für die Wirtschaft  |c Edit. Jürgen Schwappach 
250 |a 1. Aufl. 
264 1 |a München  |b Beck  |c 1991 
300 |a 520 s. 
610 2 0 |a Európske spoločenstvá 
610 2 0 |a právo obchodné 
610 2 0 |a predpisy právne 
610 2 0 |a právo priemyselné 
610 2 0 |a konkurencia 
610 2 0 |a normovanie 
610 2 0 |a organizácie medzinárodné 
610 2 0 |a ochrana právna 
610 2 0 |a právo pracovné 
610 2 0 |a právo sociálne 
610 2 0 |a zmluvy medzinárodné 
700 1 |a Schwappach, Jürgen